[Event "Florianopolis op 9th"]
[Site "Florianopolis"]
[Date "2023.01.27"]
[Round "7"]
[White "Ferraz, Michel Liah"]
[Black "Cabral, Vinicius Albuquerqu"]
[Result "1-0"]
[WhiteElo "1947"]
[BlackElo "1744"]
[PlyCount "131"]
[EventDate "2023.01.23"]
[EventType "swiss"]
[EventRounds "10"]
[EventCountry "BRA"]
[SourceTitle "CBM 212 Extra"]
[Source "ChessBase"]
[SourceDate "2023.03.31"]
[SourceVersion "1"]
[SourceVersionDate "2023.03.31"]
[SourceQuality "1"]

1. d4 Nf6 2. c4 g6 3. Nc3 d5 4. Nf3 Bg7 5. Bg5 dxc4 6. e3 Be6 7. Ne5 Nd5 8. Nxc4 h6 9. Bh4 c5 10. Ne5 0-0 11. Be2 cxd4 12. exd4 Qa5 13. 0-0 Qb4 14. a3 Qxb2 15. Na4 Nc3 16. Nxb2 Nxd1 17. Rfxd1 g5 18. Bg3 f6 19. Bc4 Bxc4 20. Nexc4 Nd7 21. Rac1 Rfe8 22. Nd3 b5 23. Na5 Nb6 24. Nb4 Rec8 25. h3 f5 26. Be5 Bf8 27. g4 fxg4 28. hxg4 e6 29. Kf1 Nc4 30. Nxc4 bxc4 31. Rc3 a5 32. Nc2 Ra6 33. Ne3 Bd6 34. Rxc4 Rd8 35. Bxd6 Raxd6 36. Ke2 Kf7 37. a4 Kg6 38. Rc5 h5 39. gxh5+ Kxh5 40. Rh1+ Kg6 41. Rg1 Rxd4 42. Rgxg5+ Kf7 43. Rxa5 Rb4 44. Rgb5 Rbd4 45. Ra7+ Kf6 46. a5 Ra4 47. Kf3 Ra3 48. Ra6 Rg8 49. Rbb6 Re8 50. Ra7 Ke5 51. Rb2 Rf8+ 52. Ke2 Rf4 53. Rh7 Raa4 54. Rh6 Rfe4 55. Kf3 Rf4+ 56. Kg3 Rf7 57. Rb5+ Kd6 58. Rhh5 Rg7+ 59. Rhg5 Rc7 60. Rb6+ Kd7 61. Rg7+ Kc8 62. Rxc7+ Kxc7 63. Rxe6 Rxa5 64. f4 Kd7 65. f5 Kd8 66. f6 1-0

[Event "Florianopolis op 9th"]
[Site "Florianopolis"]
[Date "2023.01.25"]
[Round "4"]
[White "Caetano, Hugo Zanotti Mendon"]
[Black "Ferraz, Michel Liah"]
[Result "1/2-1/2"]
[WhiteElo "2166"]
[BlackElo "1947"]
[PlyCount "27"]
[EventDate "2023.01.23"]
[EventType "swiss"]
[EventRounds "10"]
[EventCountry "BRA"]
[SourceTitle "CBM 212 Extra"]
[Source "ChessBase"]
[SourceDate "2023.03.31"]
[SourceVersion "1"]
[SourceVersionDate "2023.03.31"]
[SourceQuality "1"]

1. d4 Nf6 2. c4 e6 3. Nf3 d5 4. Nc3 Be7 5. Bg5 h6 6. Bh4 0-0 7. e3 b6 8. cxd5 exd5 9. Bd3 Bb7 10. 0-0 Nbd7 11. a4 c5 12. Qe2 Re8 13. Bg3 Ne4 14. dxc5 1/2-1/2

[Event "Goiania Barbosa Nunes Cup 1st"]
[Site "Goiania"]
[Date "2021.10.16"]
[Round "5"]
[White "Colivet Gamboa, Julio Cesar"]
[Black "Ferraz, Michel Liah"]
[Result "1-0"]
[WhiteElo "1784"]
[BlackElo "1946"]
[PlyCount "119"]
[EventDate "2021.10.15"]
[EventType "swiss"]
[EventRounds "6"]
[EventCountry "BRA"]
[SourceTitle "EXT 2023"]
[Source "ChessBase"]
[SourceDate "2022.10.05"]
[SourceVersion "1"]
[SourceVersionDate "2022.10.05"]
[SourceQuality "1"]

1. c4 e6 2. Nf3 d5 3. g3 d4 4. Bg2 c5 5. 0-0 Nc6 6. d3 Nf6 7. e3 e5 8. Re1 Be7 9. exd4 exd4 10. Na3 0-0 11. h3 h6 12. Rb1 Bf5 13. Nc2 Qd7 14. Kh2 a5 15. Bf4 Bd6 16. Ne5 Bxe5 17. Bxe5 Rac8 18. Bxf6 gxf6 19. Qd2 Kg7 20. f4 h5 21. a3 b6 22. b3 Rce8 23. Re2 Rxe2 24. Qxe2 Re8 25. Qf3 Re7 26. Re1 Nd8 27. Rxe7 Qxe7 28. Bf1 Kh6 29. Be2 Bg6 30. Bd1 f5 31. b4 axb4 32. axb4 Qa7 33. bxc5 bxc5 34. Qd5 Qa5 35. Qe5 Qd2+ 36. Qe2 Qxe2+ 37. Bxe2 f6 38. Na3 Kg7 39. Bf3 Kf8 40. Nb5 Ke7 41. Nc7 Bf7 42. Kg2 Kd6 43. Nb5+ Kd7 44. Kf2 Nc6 45. Bxc6+ Kxc6 46. Ke2 Be8 47. Kd2 Kd7 48. Kc2 Ke7 49. Kb3 Bc6 50. Ka4 Be4 51. dxe4 fxe4 52. Kb3 f5 53. Nc3 h4 54. gxh4 Kf7 55. Na4 Kg6 56. Nxc5 Kh5 57. Ne6 d3 58. Kc3 Kxh4 59. Kd2 Kxh3 60. Ke3 1-0

[Event "Goiania Barbosa Nunes Cup 1st"]
[Site "Goiania"]
[Date "2021.10.15"]
[Round "2"]
[White "Ferraz, Michel Liah"]
[Black "Fier, Alexandr"]
[Result "0-1"]
[WhiteElo "1946"]
[BlackElo "2563"]
[PlyCount "56"]
[EventDate "2021.10.15"]
[EventType "swiss"]
[EventRounds "6"]
[EventCountry "BRA"]
[SourceTitle "EXT 2023"]
[Source "ChessBase"]
[SourceDate "2022.10.05"]
[SourceVersion "1"]
[SourceVersionDate "2022.10.05"]
[SourceQuality "1"]

1. d4 Nf6 2. c4 g6 3. Nc3 d5 4. Nf3 Bg7 5. Bg5 dxc4 6. e3 Be6 7. Ne5 c5 8. Bxc4 Bxc4 9. Nxc4 cxd4 10. Qxd4 Qxd4 11. exd4 Nc6 12. Rd1 Rc8 13. 0-0 h6 14. Bf4 0-0 15. Ne5 Nb4 16. Nf3 Nfd5 17. Nxd5 Nxd5 18. Bd2 Rc2 19. Rb1 g5 20. Rfd1 Rfc8 21. Ne1 R2c4 22. Be3 f5 23. b3 R4c6 24. Bd2 Bxd4 25. h4 g4 26. Nd3 e5 27. Re1 e4 28. Nf4 g3 0-1

[Event "Jatai Goiania-ch"]
[Site "Jatai"]
[Date "2021.06.04"]
[Round "1"]
[White "Ferraz, Michel Liah"]
[Black "Sales, Mario Seixas"]
[Result "1-0"]
[WhiteElo "1923"]
[BlackElo "1429"]
[PlyCount "59"]
[EventDate "2021.06.04"]
[EventType "swiss"]
[EventRounds "6"]
[EventCountry "BRA"]
[SourceTitle "CBM 202 Extra"]
[Source "ChessBase"]
[SourceDate "2021.07.31"]
[SourceVersion "1"]
[SourceVersionDate "2021.07.31"]
[SourceQuality "1"]

1. d4 Nf6 2. c4 g6 3. Nc3 Bg7 4. Nf3 0-0 5. Bg5 d6 6. e3 Nbd7 7. Be2 h6 8. Bh4 Nh7 9. Qc2 f5 10. 0-0-0 c5 11. d5 Nhf6 12. Bd3 Ne8 13. Rdg1 Ne5 14. Nxe5 dxe5 15. f4 e4 16. Be2 Nd6 17. g4 fxg4 18. Bxg4 Bxc3 19. Qxc3 Nf5 20. Bf2 e5 21. Bh5 Nd4 22. exd4 g5 23. fxg5 Rxf2 24. gxh6+ Kh8 25. dxe5 Bh3 26. Qxh3 Qb6 27. Qc3 Qxh6+ 28. Kb1 Raf8 29. e6+ R8f6 30. Rg6 1-0

[Event "Catanduva op"]
[Site "Catanduva"]
[Date "2020.03.14"]
[Round "4"]
[White "Jorge, Denrick Cabral Jose"]
[Black "Ferraz, Michel Liah"]
[Result "1-0"]
[WhiteElo "1889"]
[BlackElo "1771"]
[PlyCount "55"]
[EventDate "2020.03.13"]
[EventType "swiss"]
[EventRounds "6"]
[EventCountry "BRA"]
[SourceTitle "CBM 195 Extra"]
[Source "ChessBase"]
[SourceDate "2020.05.31"]
[SourceVersion "1"]
[SourceVersionDate "2020.05.31"]
[SourceQuality "1"]

1. e4 c5 2. Nf3 Nc6 3. c3 Nf6 4. e5 Nd5 5. d4 d6 6. Qb3 e6 7. Bb5 Bd7 8. 0-0 cxd4 9. cxd4 Be7 10. exd6 Bxd6 11. Nc3 Nxc3 12. bxc3 0-0 13. Qc2 Nb4 14. Qe2 Nd5 15. Bxd7 Qxd7 16. Qd3 Rac8 17. Ng5 Nf6 18. Bd2 Rfd8 19. Ne4 Nxe4 20. Qxe4 Rc4 21. Rab1 b5 22. f4 g6 23. g4 Bc5 24. Qf3 Bf8 25. f5 exf5 26. gxf5 Qd5 27. Bg5 Qxf3 28. Rxf3 1-0

[Event "Goiania FEXEG Cup"]
[Site "Goiania"]
[Date "2020.02.15"]
[Round "2"]
[White "Ferraz, Michel Liah"]
[Black "Labussiere, Yago"]
[Result "0-1"]
[WhiteElo "1790"]
[BlackElo "2211"]
[PlyCount "54"]
[EventDate "2020.02.14"]
[EventType "swiss"]
[EventRounds "5"]
[EventCountry "BRA"]
[SourceTitle "CBM 195 Extra"]
[Source "ChessBase"]
[SourceDate "2020.05.31"]
[SourceVersion "1"]
[SourceVersionDate "2020.05.31"]
[SourceQuality "1"]

1. d4 c5 2. d5 e5 3. c4 d6 4. Nc3 Be7 5. e4 Bg5 6. Bxg5 Qxg5 7. Nf3 Qe7 8. h3 Nf6 9. Bd3 0-0 10. Nd2 Na6 11. a3 g6 12. Qe2 Nh5 13. g3 Bd7 14. 0-0-0 Nc7 15. Qe3 Rae8 16. Rde1 f5 17. exf5 gxf5 18. Qh6 Ng7 19. f3 a6 20. g4 Rf6 21. Qh4 b5 22. g5 Rg6 23. Nce4 fxe4 24. Nxe4 Nf5 25. Qh5 Ng7 26. Nf6+ Qxf6 27. Qxg6 Qf4+ 0-1

[Event "Goias State-ch"]
[Site "Goiania"]
[Date "2019.12.16"]
[Round "2"]
[White "Garcia, Gabriel Gonzaga"]
[Black "Ferraz, Michel Liah"]
[Result "1-0"]
[WhiteElo "2183"]
[BlackElo "1760"]
[PlyCount "65"]
[EventDate "2019.12.15"]
[EventType "k.o."]
[EventRounds "3"]
[EventCountry "BRA"]
[SourceTitle "EXT 2021"]
[Source "ChessBase"]
[SourceDate "2020.10.23"]
[SourceVersion "1"]
[SourceVersionDate "2020.10.23"]
[SourceQuality "1"]

1. e4 c5 2. Nf3 Nc6 3. d4 cxd4 4. Nxd4 g6 5. Nc3 Bg7 6. Be3 Nf6 7. Be2 0-0 8. Nb3 d5 9. exd5 Nb4 10. Bf3 Bf5 11. Rc1 a5 12. a3 Nxc2+ 13. Rxc2 Bxc2 14. Qxc2 Rc8 15. Qd2 Nd7 16. 0-0 Ne5 17. Be2 Nc4 18. Bxc4 Rxc4 19. Rd1 Qc7 20. Nb5 Qd7 21. Qxa5 Bxb2 22. Nc5 Qc8 23. d6 exd6 24. Nxd6 Qd8 25. Qd2 Rc1 26. Ncxb7 Rxd1+ 27. Qxd1 Qc7 28. a4 Be5 29. Qd5 Qc3 30. g3 Kg7 31. a5 f5 32. Nc5 Kf6 33. Nd7+ 1-0

[Event "Goias State-ch"]
[Site "Goiania"]
[Date "2019.12.15"]
[Round "1"]
[White "Ferraz, Michel Liah"]
[Black "Labussiere, Victor"]
[Result "0-1"]
[WhiteElo "1760"]
[BlackElo "2295"]
[PlyCount "69"]
[EventDate "2019.12.15"]
[EventType "k.o."]
[EventRounds "3"]
[EventCountry "BRA"]
[SourceTitle "EXT 2021"]
[Source "ChessBase"]
[SourceDate "2020.10.23"]
[SourceVersion "1"]
[SourceVersionDate "2020.10.23"]
[SourceQuality "1"]

1. d4 Nf6 2. c4 c5 3. d5 b5 4. cxb5 a6 5. Nc3 axb5 6. Nxb5 Qa5+ 7. Nc3 Ba6 8. Bd2 Qc7 9. e4 Bxf1 10. Kxf1 g6 11. g3 d6 12. Kg2 Bg7 13. f4 0-0 14. Nf3 Nbd7 15. Re1 e6 16. dxe6 fxe6 17. e5 dxe5 18. Nxe5 Nxe5 19. Rxe5 Qb7+ 20. Kg1 Nd5 21. Re1 Bd4+ 22. Kf1 Nxc3 23. bxc3 Qh1+ 24. Ke2 Qg2+ 25. Kd3 Rfd8 26. Kc2 Bxc3 27. Kxc3 Ra3+ 28. Kc2 Rad3 29. Re2 Qd5 30. Qe1 Qc4+ 31. Kd1 Qa4+ 32. Kc1 R8d4 33. Kb1 Qa3 34. Kc2 Qa4+ 35. Kc1 0-1